DR Congo National Football Team - Statistics

General Stats
  • This quiz has been taken 17 times
  • The average score is 5 of 20
Answer Stats
Goals Caps Player % Correct
7 101 Chancel Mbemba
92%
20 62 Cédric Bakambu
85%
22 49 Dieumerci Mbokani
46%
0 52 Samuel Moutoussamy
38%
9 50 Yannick Bolasie
31%
12 61 Meschak Elia
23%
14 22 Shabani Nonda
23%
9 31 Dioko Kaluyituka
15%
2 81 Issama Mpeko
15%
12 16 Jean-Jacques Yemweni
15%
3 52 Joël Kimwaki
15%
9 34 Jonathan Bolingi
15%
9 31 Kakoko Etepé
15%
4 50 Marcel Mbayo
15%
10 20 Ndaye Mulamba
15%
9 45 Ndombe Mubele
15%
11 22 Ngoy Kabongo
15%
0 64 Robert Kidiaba
15%
14 53 Trésor Mputu
15%
9 53 Zola Matumona
15%
No matching quizzes found
Score Distribution
Percent of People with Each Score
Percentile by Number Answered
Your Score History
You have not taken this quiz